书目信息 |
| 题名: |
国民经济计划学
|
|
| 作者: | ;中国人民大学计划统计系国民经济计划教研室 编 | |
| 分册: | 下册 | |
| 出版信息: | 北京 中国人民大学出版社 1979 |
|
| 页数: | 283页 | |
| 开本: | 19cm | |
| 丛书名: | ||
| 单 册: | ||
| 中图分类: | F210 | |
| 科图分类: | ||
| 主题词: | 计划经济学 | |
| 电子资源: | ||
| ISBN: | ||
| 000 | 00707nam0 2200217 45 | |
| 001 | 0178002389 | |
| 005 | 20060817175002.50 | |
| 010 | @dCNY1.15 | |
| 091 | @aCN@b4011.390 | |
| 100 | @a19950714d1978 em y0chiy0121 ea | |
| 101 | 0 | @achi |
| 102 | @aCN@b110000 | |
| 105 | @ay z 000yy | |
| 200 | 10 | @a国民经济计划学@Aguo min jing ji ji hua xue@h下册@f中国人民大学计划统计系国民经济计划教研室编 |
| 210 | @a北京@c中国人民大学出版社@d1979 | |
| 215 | @a283页@d19cm | |
| 606 | @a计划经济学 | |
| 690 | @aF210@v3 | |
| 711 | 02 | @a中国人民大学计划统计系国民经济计划教研室@Azhong guo ren min da xue ji hua tong ji xi guo min jing ji ji hua jiao yan shi@4编 |
| 801 | 0 | @aCN@bTSSF@c20060817 |
| 905 | @a10447@dF210@e48:2 | |
| 国民经济计划学.下册/中国人民大学计划统计系国民经济计划教研室编.-北京:中国人民大学出版社,1979 |
| 283页;19cm |
| ISBN :CNY1.15 |
| ● |
| 相关链接 |
|
|
|
|
正题名:国民经济计划学
索取号:F210/48:2
 
预约/预借
| 序号 | 登录号 | 条形码 | 馆藏地/架位号 | 状态 | 备注 |
| 1 | 0441020 | 204410208 | 密集书库/ [索取号:F210/48:2] | 在馆 | |
| 2 | 0465536 | 204655364 | 密集书库/ [索取号:F210/48:2] | 在馆 |